000
00326nam a2200133Ia 4500
005
20251222155158.0
008
251222s9999||||xx |||||||||||||| ||spa||
082
_a
EMI. 11
100
_a
BILLINGS E
245
0
_a
Regulación Natural de la Fertilidad Iglesia Catolica
250
_a
3ra. ed.
264
_b
Emecé
942
_c
LIB
999
_c
39832
_d
39832